000 00593nam a2200217Ia 4500
003 OSt
005 20220926043813.0
006 a|||||r|||| 00| 0
007 ta
008 220923b |||||||| |||| 00| 0 eng d
037 _cGeneral Book
040 _aRTL
_cRTL
_beng
041 _2eng
_aeng
082 _aY773-38.N25, J5
100 _aHigman John
_9348246
245 0 _aStrangers in the land
_b Patterns of American nativi
260 _c1955
650 _aAmerican Society
_9240334
942 _hY773-38.N25, J5
_cGB
_2CC
999 _c673235
_d673235